Statistics for Which tower are you

Click here to take the quiz!

General Stats

  • This quiz has been taken 15 times
  • The average score is 6 of 10

Answer Stats

QuestionAnswer% Correct
How tall do you hope to be one day1,368 feet
82%
Do you prefer to be closer or farther from waterCloser
82%
Do you have brown hairYes
82%
How many teeth do you have110
64%
Antenna or no antennaAntenna
55%
Which time would you rather die10:28
45%
Which number sounds less appealing to you11
45%
Which date sounds more appealing to youDecember 1970
45%
Would you rather fall first or secondSecond
36%
Which nick name sounds coolerWTC1
36%

Score Distribution

Percentile by Number Answered

Percent of People with Each Score

Your Score History

You have not taken this quiz